000 00726nam a22002774a 4500
001 UByD003059
003 AR-LpoUNG
005 20240816144953.0
008 240809s2010||||sp a b 000|1 spa d
020 _a9788499510675
040 _aAR-LpoUNG
_bspa
_cAR-LpoUNG
_eaacr
041 1 _aspa
044 _asp
082 0 4 _a808.068 3 485dia
_220
100 1 _aPeterson, Scott
245 1 3 _aEl día de San Valentín : Phineas y Ferb
250 _a1ra. ed.
260 _aMadrid :
_bWalt Disney,
_c2010.
300 _a32 p. :
_bil.
505 0 _aSugerido a partir de 8 años (etiqueta CELESTE)
650 4 _aCUENTOS
650 4 _aLITERATURA
653 0 _aLITERATURA INFANTIL
905 _a50234
942 _cLIB
_2ddc
999 _c65650
_d65650